Thế kỷ âm dương đối lịch 1924 -2024
Đã lưu trong:
| 主要作者: | |
|---|---|
| 格式: | 图书 |
| 语言: | Vietnamese |
| 出版: |
Tp. HCM
Nxb. Văn học dân tôc
2003
|
| 标签: |
添加标签
没有标签, 成为第一个标记此记录!
|
| Thư viện lưu trữ: | Mạng thư viện Đại học Đà Nẵng |
|---|
| LEADER | 00919nam a2200277 4500 | ||
|---|---|---|---|
| 001 | 000013893 | ||
| 003 | 10240 | ||
| 005 | 20120326140340.0 | ||
| 008 | 120326s2003 viesd | ||
| 020 | |c 180000 | ||
| 041 | 0 | |a vie | |
| 082 | |a 529.2 |b HO-B | ||
| 100 | 0 | |a Hoàng Bình | |
| 245 | 0 | |a Thế kỷ âm dương đối lịch |b 1924 -2024 |c Hoàng Bình | |
| 260 | |a Tp. HCM |b Nxb. Văn học dân tôc |c 2003 | ||
| 300 | |a 931 tr. |b mục lục: tr.930 |c 20 x 30 cm | ||
| OWN | |a LSP | ||
| AVA | |a UDN50 |b LSP |d 529.2 HO-B |e available |t Error 5001 Not defined in file expand_doc_bib_avail. |f 1 |g 0 |h N |i 0 |k 1 | ||
| 999 | |a From the UDN01 | ||
| AVA | |a UDN50 |b LSP |d 529.2 HO-B |e available |t Error 5001 Not defined in file expand_doc_bib_avail. |f 1 |g 0 |h N |i 0 |k 1 | ||
| TYP | |a Monograph | ||
| TYP | |a Printed language | ||
| 980 | |a Mạng thư viện Đại học Đà Nẵng | ||